Представление документа в формате RUSMARC

ПолеНазваниеЗначение
  Тип записи a
  Библиографический уровень m
001 Контрольный номер e7881ebdb98a489dba6b1878979033da
005 Дата корректировки 20201206205208.1
010 Индекс ISBN __
a ISBN 978-5-9691-1742-6 (в пер)
d Цена 516-67, 2000 экз.
100 Данные общей обработки __
a Данные общей обработки 19190722d2018||||||| 0rusy0189 ca
101 Язык документа 0_
a Язык текста rus
102 Страна публикации __
a Страна публикации ru
102 Страна публикации __
a Страна публикации RU
105 Кодированные данные (монография) __
a Кодированные данные (монография) |||||||||||zy
200 Заглавие и сведения об ответственности 1_
a Заглавие Поэтка
e Сведения, относящиеся к заглавию [повесть в рассказах]
f Первые сведения об ответственности Татьяна Март
b Общее обозначение материала Текст
210 Выходные данные __
a Место издания Москва
c Издательство Время
d Дата издания 2018
215 Физическое описание __
a Объем 156, [2] с.
d Формат 21 см
225 Серия __
a Серия Время - юность!
330 Аннотация __
a Аннотация Даша - обычная необычная девочка: учится в школе, не всегда ладит с учителями, переживает из-за развода родителей, мечтает о настоящей любви и пишет стихи. Первый раз за свои пятнадцать лет красит волосы, целуется, побеждает на литературной олимпиаде. А еще нащупывает границы собственного, уникального мира, прежде казавшегося прекрасным и бесконечным. Для чего она, Дашка, живет на свете? Где кончаются книжные мечты и начинается реальная жизнь? "Поэтка" - современная подростковая повесть на вечные темы: любовь, смерть, творчество, смысл жизни. Оригинальный жанр "повесть в рассказах" предлагает свободу чтения: от первой и до последней страницы или с любого рассказа, в любом порядке.
333 Примечание о целевом назначении __
a Примечание о целевом назначении 12+. Для детей старше 12 лет
606 Тематические рубрики __
a Основная рубрика Художественная литература
606 Тематические рубрики __
a Основная рубрика Современная русская литература (произведения)
610 Ключевые слова __
a Ключевые слова повести
610 Ключевые слова __
a Ключевые слова детская литература
610 Ключевые слова __
a Ключевые слова подростковая литература
610 Ключевые слова __
a Ключевые слова повести в рассказах
610 Ключевые слова __
a Ключевые слова тема воспитания
610 Ключевые слова __
a Ключевые слова тема подростков
610 Ключевые слова __
a Ключевые слова тема школьников
610 Ключевые слова __
a Ключевые слова тема школьной любви
610 Ключевые слова __
a Ключевые слова тема девочек
610 Ключевые слова __
a Ключевые слова стихи
610 Ключевые слова __
a Ключевые слова стихотворения
686 Индексы других классификаций __
2 Код системы rubbks
a Классификационный индекс 84(2=411.2)6-4; ст84(2=411.2)6-4
700 Автор _1
a Фамилия Март
b Имя Т.
g Полное личное имя Татьяна
4 Код отношения 070
801 Источник записи _0
a Страна ru
b Организация Муниципальное бюджетное учреждение культуры "Централизованная библиотечная система" г. Сургут (Центральная городская библиотека им. А. С. Пушкина)
c Дата составления 20190722
g Правила каталогизации PSBO
801 Источник записи _1
a Страна ru
b Организация Муниципальное бюджетное учреждение культуры "Централизованная библиотечная система" г. Сургут (Центральная городская библиотека им. А. С. Пушкина)
c Дата составления 20190722
g Правила каталогизации PSBO
852 Данные о местонахождении __
j Шифр хранения 84(2=411.2)6-4
i Авторский знак М 29
901 Тип документа __
t Тип документа m
a Ответственный КиК/Мамарузиева
903 Характеристики (МАРС) __
a Дата передачи 20190722
969 Тип издания __
a Тип издания издание для детей
990 Данные о заказе (DOS) __
j Количество экземпляров (DOS) 3
t N записи в КСУ для И/У (DOS) 201908